| 000 | 01167nam a2200265 a 4500 | ||
|---|---|---|---|
| 001 | |||
| 003 | DO-SdBNP | ||
| 005 | 20220128082835.0 | ||
| 008 | 190124s2016 dr a 000 m spa d | ||
| 020 | _a9789945600384 | ||
| 040 |
_aDO-SdBNP _bspa _cBPMSU |
||
| 082 |
_a179.9 _bF316pr 2016 _222 |
||
| 100 | 1 |
_aFeliz, Ulises, _d1963- |
|
| 245 | 1 | 0 |
_aPrefiero ser rico y honrado / _cUlises Feliz Taveras ; diagramación y diseño de portada: Amado Santana. |
| 260 |
_aSanto Domingo : _bSantuario, _c2016. |
||
| 300 |
_a201 p. : _bil. ; _c23 cm. |
||
| 500 | _aIncluye datos biográficos del autor en la solapa de la cubierta | ||
| 505 | 0 |
_aIntroducción -- _tPrefiero ser optimista -- _tPrefiero mejorar mi actitud -- _tPrefiero ser ético -- _tPrefiero ser leal -- _tPrefiero hacer negocios -- _tPrefiero permanecer a un equipo -- _tPrefiero ser parte del liderazgo -- _tPrefiero definir mis objetivos -- _tPrefiero triunfar y ser ejemplo -- _tPrefiero contribuir y dejar una huella. |
|
| 590 | _aInventariado, 2022/VM | ||
| 650 | 4 |
_aEducación moral _x |
|
| 650 | 4 | _aConducta (Ética) | |
| 650 | 4 |
_aÉtica _vCitas, máximas, etc. |
|
| 910 | _aVMateo V. | ||
| 942 |
_2ddc _cBK |
||
| 999 |
_c13989 _d13989 |
||